| 000 | 00895cab a2200241 4500 | ||
|---|---|---|---|
| 001 | WB2824-54 | ||
| 008 | 090401t1992 xxu||||| |||| 00| 0 eng d | ||
| 035 | _a(Sirsi) u39391 | ||
| 041 | _aeng | ||
| 245 | _a300-mile red route to speed London`s traffic | ||
| 260 | _c1992 | ||
| 350 | _a0 | ||
| 490 |
_aDepartment of Transport Press Notice _v(138) 11 June 1992 (6) |
||
| 490 |
_aSunday Times _v12 June 1992 8(7) |
||
| 520 | _aFollowing the successful 18 month red route pilot study in parts of North London, the DoT has announced that London is to have 300 miles of red routes to help traffic congestion in the capital. Highlights the benefits of the scheme. List red routes in London by Borough. | ||
| 650 | _aLONDON | ||
| 650 | _aPUBLIC TRANSPORT | ||
| 650 | _aRED ROUTES | ||
| 650 | _aTRAFFIC FLOW | ||
| 690 | _aTRANSPORT AND COMMUNICATIONS | ||
| 942 | _n0 | ||
| 948 | _c04/03/1997 | ||
| 999 |
_c25290 _d25290 |
||